Titres de Taylor Swift - Mort Subite - Statistiques

Statistiques générales
  • Ce quiz a été pris 26 fois
  • Le résultat moyen est 11 sur 16
Answers on the Grid
Answers color-coded by a green-red scale on the quiz's grid according to % correct below.
'tis the damn season
...Ready For It ?
1989
Austin
Cinnamon Girl
Come as you Are
Control
Cruel Summer
Eldest Daugther
evermore
Foolish One
Haunted
How You
Joe le taxi
L'amour de ma vie
Let It Be
Look What You Made Me Do
Love Story
no body, no crime
Out of the Wood
Shake it Off
Shallow
Shivers
Swimming Stars
The 30th
The Man
tolerate it
Umbrella
vampire
Wonderland
 
Statistiques - réponses
Réponse % Correct
evermore evermore
85%
Reputation Look What You Made Me Do
85%
Lover Cruel Summer
80%
Fearless Love Story
75%
Reputation ...Ready For It ?
75%
evermore 'tis the damn season
75%
1989 Wonderland
75%
evermore no body, no crime
70%
1989 Out of the Wood
70%
1989 Shake it Off
70%
Lover The Man
65%
The Fate of Ophelia Eldest Daugther
60%
evermore tolerate it
60%
Speak Now Haunted
50%
Speak Now Foolish One
45%
1989 How You
15%
Aucun quiz correspondant
Distribution des résultats
% des personnes avec chaque résultat
Percentile par nombre de réponses
Votre historique - résultats
Vous n’avez pas pris ce quiz